000 06275namaa22004211i 4500
003 OSt
005 20260310115152.0
008 250827s2024 ua a|||frm||| 000 0 eng d
040 _aEG-GICUC
_bara
_cEG-GICUC
_dEG-GICUC
_erda
041 0 _aara
_bara
_beng
049 _aإيداع
082 0 4 _a372.0118
092 _a372.0118
_221
097 _aدكتوراه‎
099 _aCai01.23.02.Ph.D.2024.إي.ت
100 0 _a،إيمان فوزي عبد الحميد علي
_eإعداد.
245 1 0 _aتطوير التعليم الابتدائي بمصر في ضوء متطلبات الإصلاح التربوي :
_bرؤية مستقبلية /
_cإعداد إيمان فوزي عبد الحميد علي؛ إشراف أ. د/ هيثم محمد إسماعيل الطوخي، د/ إبراهيم الدسوقي عوض الله.
246 1 5 _aDeveloping primary education in egypt in light of educational reform requirements :
_bA future vision /
264 0 _c2024.
300 _a183 صفحة :
_bإيضاحيات ؛
_c30 cm. +
_eCD.
336 _atext
_2rda content
337 _aUnmediated
_2rdamedia
338 _avolume
_2rdacarrier
502 _aأطروحة (دكتوراه)-جامعة القاهرة، 2024.
504 _aببليوجرافيا: صفحات 161-176.
520 _aهدفت الدراسة إلى معرفة واقع تطوير التعليم الابتدائي في مصر في ضوء متطلبات الإصلاح التربوي، كما هدفت إلى تقديم رؤية مستقبلية مقترحة لتطوير التعليم الابتدائي في مصر في ضوء متطلبات الإصلاح التربوي، وتم الاعتماد على المنهج الوصفي كمنهج للدراسة، وتم إعداد استبانة كأداة لجمع البيانات عن الدراسة لتعرف رأي القيادات التربوية في كيفية تطوير التعليم الابتدائي في مصر في ضوء متطلبات الإصلاح التربوي، طبقت على عينة مكونة من(393) من أعضاء هيئة التدريس بالجامعات المصرية، والمركز القومي للبحوث التربوية والتنمية، والقيادات التنفيذية، والمعلمين بمحافظة أسيوط، وتوصلت الدراسة إلى عدة نتائج من أهمها: ضرورة تطوير التعليم الابتدائي بشكل يتناسب مع متطلبات سوق العمل من خلال الاهتمام بتطوير المناهج ومطابقتها للمعايير العالمية للتعليم، توفير الوسائل التعليمية الحديثة لسهولة توصيل المعلومات داخل غرفة الدراسة، وضرورة مواكبة المعلمين للتطورات العالمية في مجال تخصصهم، ضرورة ارتباط منظومة التعليم الابتدائي باستراتيجية التنمية الشاملة من أجل رفع مستوى جودة التعليم الابتدائي، الاهتمام بالتخطيط والتنظيم لاتخاذ القرارات والتشريعات اللازمة لعملية تطوير التعليم الابتدائي وليست بطريقة عشوائية غير مدروسة، ضرورة توفير التمويل الكافي للتعليم الابتدائي باعتباره أهم العوامل التي تساعد على قيام التعليم بمهامه الأساسية، والحصول على احتياجاته من الموارد البشرية والمادية.
520 _aThe study aimed to understand the reality of developing primary education in Egypt in light of educational reform requirements. It also aimed to propose a future vision for the development of primary education in Egypt, considering these reform requirements. The study relied on a descriptive approach as a methodology, and a questionnaire was prepared as a data collection tool to gather the opinions of educational leaders on how to develop primary education in Egypt in light of educational reform requirements. The sample consisted of( 393) individuals from faculty members at Egyptian universities, the National Center for Educational Research and Development, executive leaders, and teachers in Assiut Governorate, The study reached several important findings, including the necessity of developing primary education in a way that aligns with labor market requirements through the development of curricula that meet global standards for education. It emphasized the provision of modern educational tools to facilitate the delivery of information within the classroom. Additionally, it highlighted the need for teachers to stay updated with global developments in their fields of specialization, There is also a necessity for the primary education system to be linked to a comprehensive development strategy to enhance the quality of primary education. This requires careful planning, organization, decision-making, and necessary legislation for the process of developing primary education, rather than relying on random and unstudied methods. Furthermore, it is essential to provide adequate funding for primary education as one of the main factors that support its effective implementation and to meet its human and material resource needs.
530 _aصدر أيضًا كقرص مدمج.
546 _aالنص بالعربية والملخص باللغة الإنجليزية والعربية.
650 7 _aالتعليم الابتدائى
_2qrmak
_xاغراضه واهدافه
653 0 _aالتعليم الابتدائي
_aالإصلاح التربوي
700 0 _aهيثم محمد إسماعيل الطوخي
_eمشرف أطروحة.
700 0 _aإبراهيم الدسوقي عوض الله
_eمشرف أطروحة.
900 _b17-12-2024
_cهيثم محمد إسماعيل الطوخي
_cإبراهيم الدسوقي عوض الله
_dمحمد ماهر الجمال
_dأماني عبد القادر محمد
_Uجامعة القاهرة
_Fكلية الدراسات العليا للتربية
_Dقسم أصول التربية
905 _aSara
_eAfaf
942 _2ddc
_cTH
_e21
_n0
999 _c178093